000 00511nam a2200157Ia 4500
003 GCL
008 140319s9999 xx 000 0 ara d
040 _aGCL /
_cGCL
082 0 4 _a210
_bع ا
100 1 _aعبدالحليم محمود
245 1 0 _aالمجموعة الكاملة : لمؤلفات الدكتور عبد الحليم محمود /
_cعبدالحليم محمود
260 _a[S.N] :
_bدار الكتاب المصرى ،
_c1990
490 _a
650 0 4 _aالاسلام
942 _2ddc
_cBK
999 _c52774
_d52774